Statistiques concernant Effectif du FCSM 2023/2024

Cliquez ici pour prendre le quiz!

Statistiques générales

  • Ce quiz a été pris 14 fois
  • Le résultat moyen est 16 sur 31

Statistiques - réponses

PosteNom du joueur% Correct
GMathieu Patouillet
100%
AAlex Daho
88%
GBaptiste Valette
75%
MDiego Michel
75%
AN'Dri Koffi
75%
CoachOswald Tanchot
75%
MRoli Pereira De Sa
75%
MDimitri Liénard
63%
MKévin Hoggas
63%
MMalcolm Viltard
63%
DMaxime Bastian
63%
ANoah Fatar
63%
DThomas Fontaine
63%
DAmilcar Silva
50%
DArthur Vitelli
50%
DBoris Moltenis
50%
DDalangunypole Gomis
50%
AIssouf Macalou
50%
DJulien Dacosta
50%
AKévin Zohi
50%
AMartin Lecolier
50%
DNolan Galves
50%
MAllan Ackra
38%
GCharly Dosso
25%
AJodel Dossou
25%
MMouhamadou Drammeh
25%
DSidy Diagne
25%
MElie Kayembe Tete
13%
MMattéo Pezard
13%
ARobino Vaz
13%
DMalcolm Rangon
0%

Distribution des résultats

Percentile par nombre de réponses

% des personnes avec chaque résultat

Votre développement - résultats

Vous n’avez pas pris ce quiz